Voyager from Xanadu (Бичлэгийн дугаар. 144255)
| 000 -УДИРДЛАГА | |
|---|---|
| Удирдлага | 01836nam a2200361 4500 |
| 003 - ХЯНАЛТЫН ТОО ТОДОРХОЙЛОГЧ | |
| Код | MN-UlNUM |
| 005 - БИЧИЛТ ХИЙСЭН ОГНОО | |
| Тухайн бичилтийг бичсэн засварласан сүүлийн огноо | 20251010170445.0 |
| 008 - ЕРӨНХИЙ МЭДЭЭЛЭЛ | |
| Ерөнхий мэдээлэл | 250918s2010 ja ab||| |||| 00| | eng d |
| 020 ## - ISBN | |
| ISBN | 9780520262379 |
| 040 ## - БИЧЛЭГ ҮҮСГЭГЧ БАЙГУУЛЛАГА | |
| Бичлэг үүсгэгч номын сангийн код | МУИС-ийн номын сан |
| 084 ## - ББК АНГИЛАЛ | |
| Нэмэлт тусгалт | Нэг сэдэвт бүтээл |
| Мэдлэгийн ялгаа | 63 - Түүх |
| ББК ангилал | 63.3(5) |
| Зохиогчийн гурван тэмдэгт | R 79 |
| 100 1# - ЗОХИОГЧ | |
| Зохиогчийн нэр | Rossabi, Morris |
| 245 10 - ҮНДСЭН ГАРЧИГ | |
| Номын нэр | Voyager from Xanadu |
| Бага гарчгийн мэдээ | Rabban Sauma and the First Journey from China to the West |
| 250 ## - ДАХИН ХЭВЛЭЛТ | |
| Дахин гаралтын дугаар | 1st ed |
| 260 ## - ГАРАЛТЫН МЭДЭЭ | |
| Хэвлэгдсэн газар | Tokyo |
| Хэвлэлийн газар | Distributed in the U.S. by Kodansha America |
| Хэвлэгдсэн он | 2010 |
| 300 ## - МАТЕРИАЛЫН ТОДОРХОЙЛОЛТ | |
| хуудасны тоо | 248 |
| 500 ## - Тайлбар | |
| Дансны дугаар | ГФ 20875 |
| 505 ## - Агуулгын тэмдэглэгээ | |
| Агуулгын тэмдэглэгээ | Toward the end of the thirteenth century, at about the time Marco Polo was being received by the great Khubilai Khan, a Nestorian Christian monk from China called Rabban Sauma was making the reverse journey from the Mongol capital (what is now Beijing) to Jerusalem. Upon reaching Baghdad―the first traveler to arrive from China―Sauma learned that his pilgrimage could not be fulfilled because of Islamic control of the Holy Land. In Voyager from Xanadu, Morris Rossabi traces Sauma’s trans-Eurasian travels against the turbulent era of the Mongol Empire and the last Crusades. His indispensable book provides a unique first-hand Asian perspective on Europe and illuminates a crucial period in the early history of global, diplomatic, and commercial networking. |
| 546 ## - ХЭЛНИЙ ТУХАЙ МЭДЭЭ | |
| Хэл | Англи хэл дээр, |
| 653 ## - Түлхүүр үг | |
| Түлхүүр үг | history |
| 653 ## - Түлхүүр үг | |
| Түлхүүр үг | diplomats China |
| 653 ## - Түлхүүр үг | |
| Түлхүүр үг | diplomats travel |
| 653 ## - Түлхүүр үг | |
| Түлхүүр үг | voyages and travels |
| 653 ## - Түлхүүр үг | |
| Түлхүүр үг | travel, medieval |
| 740 ## - НОМЫН ГАРЧИГ | |
| Гарчиг | Setting the Stage |
| 740 ## - НОМЫН ГАРЧИГ | |
| Гарчиг | A Pilgrimage to the West |
| 740 ## - НОМЫН ГАРЧИГ | |
| Гарчиг | The Mongols, The Muslims, and the Europeans |
| 740 ## - НОМЫН ГАРЧИГ | |
| Гарчиг | An Embassy to the West |
| 740 ## - НОМЫН ГАРЧИГ | |
| Гарчиг | Paris, Bordeaux, Rome, and Return |
| 942 ## - ЭЛЕМЕНТИЙН ТӨРӨЛ | |
| Зүйлийн төрөл | Ном |
